000 00816nam a2200205 a 4500
003 0
005 20250320150656.0
008 060802s19uu xx 00 eng d
050 _aPGS TP 994.D48.C66
_b.Oa11 2006
100 _aOates, John.
245 _aA comparative study on the bleaching ability and stain removing ability of homemade and commercial detergents /
_cJohn Oates.
260 _aLas PiƱas City, Philippines :
_bSouthville International School and Colleges,
_c2006.
300 _a27 pages :
_billustrations ;
_c28 cm.
504 _aIncludes bibliographical references.
650 _aDetergents
_vComparative studies.
650 _aBleaching agents
_vEffectiveness.
650 _aStain removal (Textiles)
_vEvaluation.
650 _aCleaning compounds
_vPerformance testing.
942 _2lcc
_cPASS
999 _c97525
_d97525